Statistics for Top 10 Countries Who Produce the Most Magnesium

Click here to take the quiz!

General Stats

  • This quiz has been taken 10 times
  • The average score is 5 of 10

Answer Stats

# Country % Correct
4,900China
100%
400Russia
89%
280Spain
78%
150Brazil
78%
130Australia
78%
300Turkey
33%
80North Korea
22%
115Greece
11%
200Austria
0%
200Slovakia
0%

Score Distribution

Percentile by Number Answered

Percent of People with Each Score

Your Score History

You have not taken this quiz